| 000 | 00580nam a2200217Ia 4500 | ||
|---|---|---|---|
| 005 | 20250425162647.0 | ||
| 008 | 250425s9999 xx 000 0 und d | ||
| 020 | _a0023707208 | ||
| 041 | _aeng | ||
| 082 | _a510.24541 | ||
| 100 | _aLINWILL, JOHN G. | ||
| 245 | 0 | _aMATHEMATICS APPLIED TO DETERMINISTIC PROBLEMS IN THE NATURAL SCIENCES | |
| 250 | _aS.E | ||
| 260 |
_aEstados Unidos _bMACMILLAN PUBLISHING CO., INC. _c1974 |
||
| 260 | _aNEW YORK | ||
| 300 | _a603 | ||
| 650 | _aMATEMATICA LOGICA Y SIMBOLICA | ||
| 700 | _aSEGEL, L.A. | ||
| 942 | _c01 | ||
| 010 | _a95012 | ||
| 999 |
_c233829 _d233829 |
||